000 00364nam a2200109Ia 4500
008 171204s9999 xx 000 0 und d
245 _aStraightforward Statistics: Understanding The Tools Of Research
245 _cGlenn Geher and Sara Hall
260 _c2014
650 _xPSYCHOLOGICAL STATISTICS
856 _uhttp://down.ebook777.com/026/StrStaUndTheTooOfRes.pdf
999 _c346556
_d346556